Vysoké školství a zaměstnávání
Vzťahy medzi vysokým školstvom a zamestnávaním absolventov VŠ. Kvantitatívne trendy vo vývoji vysokého školstva po r. 1950 v európskych krajinách. Zamestnávanie absolventov VŠ v 50. a 60. rokoch. Problémy so zamestnanosťou absolventov VŠ v 70. a 80. rokoch. Rôzne podmienky a úlohy jednotlivých vysok...
Salvato in:
| Autore principale: | |
|---|---|
| Natura: | Capitolo di libro |
| Lingua: | ceco |
| Soggetti: | |
| Tags: |
Nessun Tag, puoi essere il primo ad aggiungerne!!
|
MARC
| LEADER | 00000naa a2200000 4500 | ||
|---|---|---|---|
| 001 | r020889 | ||
| 005 | 20230403121605.7 | ||
| 041 | 0 | |a cze | |
| 044 | |a CZ | ||
| 245 | 1 | 0 | |a Vysoké školství a zaměstnávání |c U. Teichler |
| 520 | |a Vzťahy medzi vysokým školstvom a zamestnávaním absolventov VŠ. Kvantitatívne trendy vo vývoji vysokého školstva po r. 1950 v európskych krajinách. Zamestnávanie absolventov VŠ v 50. a 60. rokoch. Problémy so zamestnanosťou absolventov VŠ v 70. a 80. rokoch. Rôzne podmienky a úlohy jednotlivých vysokoškolských inštitúcií. Rôzne reakcie vysokoškolských inštitúcií na meniace sa podmienky pracovného zaraďovania absolventov VŠ. Súčasná situácia v zaraďovaní absolventov VŠ do praxe. | ||
| 610 | 2 | 0 | |a školy vysoké |
| 610 | 2 | 0 | |a absolventi |
| 610 | 2 | 0 | |a zamestnanosť |
| 610 | 2 | 0 | |a zaradenie pracovné |
| 610 | 2 | 0 | |a Európa |
| 100 | 1 | |a Teichler, U. | |